000 00482nam a2200145Ia 4500
003 OSt
005 20260121143633.0
008 211028s2015 xx 000 0 und d
040 _cAIMIT LIBRARY
041 _aeng
100 _aMathew; Albin; Wright, Rowena.
_g1316010
_97284
245 _aStudy on market analysis of renal care in Malabar region of Kerala: a study with reference to fresenius medical care Chennai /
260 _aMangalore
_bRowena Wright
_c2015
942 _2ddc
_cPRO
999 _c218854
_d218854